Critical essays from the spectator; with four essays by Richard steele (Record no. 166643)

MARC details
000 -LEADER
fixed length control field 00401nam a2200145Ia 4500
008 - FIXED-LENGTH DATA ELEMENTS--GENERAL INFORMATION
fixed length control field 230917s9999||||xx |||||||||||||| ||und||
040 ## - CATALOGING SOURCE
-- 196189
Original cataloging agency VIVEKANANDA LIBRARY
041 ## - Language
-- English
082 ## - DDC NUMBER
Classification number 809.4 A25C
100 ## - MAIN ENTRY--PERSONAL NAME
Personal name Addison, Joseph
245 #0 - TITLE STATEMENT
Title Critical essays from the spectator; with four essays by Richard steele
260 ## - PUBLICATION, DISTRIBUTION, ETC. (IMPRINT)
Place of publication, distribution, etc Oxford
Name of publisher, distributor, etc Clarendon Press
Date of publication, distribution, etc 1970
300 ## - PHYSICAL DESCRIPTION
Pages ix, 299 p.
942 ## - ADDED ENTRY ELEMENTS (KOHA)
Koha item type Books
Holdings
Withdrawn status Lost status Damaged status Not for loan Location (home branch) Sublocation or collection (holding branch) Date acquired Koha issues (times borrowed) Koha full call number Accession No. Koha date last seen Koha item type
        VIVEKANANDA LIBRARY VIVEKANANDA LIBRARY 02/02/2012   809.4 A25C 310242 17/09/2023 Books
© Designed and Maintained by Vivekananda Library, MDU Rohtak